Nuestra América y el parlamento latinoamericano (Registro nro. 3538)
[ vista simple ]
| 000 -CABECERA | |
|---|---|
| Longitud fija campo de control | 00666nam a2200229Ia 4500 |
| 001 - NÚMERO DE CONTROL | |
| Número de control | 393030 |
| 003 - IDENTIFICADOR DEL NÚMERO DE CONTROL | |
| Identificador del número de control | EC-QuCCB |
| 007 - CAMPO FIJO DE DESCRIPCIÓN FÍSICA--INFORMACIÓN GENERAL | |
| Campo fijo de descripción física | ta |
| 008 - DATOS DE LONGITUD FIJA--INFORMACIÓN GENERAL | |
| Códigos de información de longitud fija | 130917s1999 sp gr 000 0 spa d |
| 040 ## - FUENTE DE LA CATALOGACIÓN | |
| Centro catalogador de origen | EC-QuCCB |
| 041 ## - CÓDIGO DE LENGUA | |
| Código de lengua del texto;banda sonora o título independiente | spa |
| 082 ## - NÚMERO DE LA CLASIFICACIÓN DECIMAL DEWEY | |
| Número de clasificación | 980 |
| Número de documento | A958 |
| 100 1# - ENTRADA PRINCIPAL--NOMBRE DE PERSONA | |
| Nombre de persona | Avila Bottía, Gilberto, |
| 9 (RLIN) | 25299 |
| Fechas asociadas con el nombre | 1930- |
| 245 10 - MENCIÓN DE TÍTULO | |
| Título | Nuestra América y el parlamento latinoamericano |
| Mención de responsabilidad, etc. | Gilberto Avila Bottia |
| 260 ## - PUBLICACIÓN, DISTRIBUCIÓN, ETC. (PIE DE IMPRENTA) | |
| Lugar de publicación, distribución, etc. | Boyacá, Colombia : |
| Nombre del editor, distribuidor, etc. | Gobernación de Boyacá - Academia Boyacense de Historia, |
| Fecha de publicación, distribución, etc. | 1999 |
| 336 ## - TIPO DE CONTENIDO | |
| Content type term | texto |
| Content type code | txt |
| 337 ## - TIPO DE MEDIO | |
| Media type term | no mediado |
| Media type code | n |
| 338 ## - TIPO DE PORTADOR | |
| Carrier type term | volumen |
| Carrier type code | nc |
| 590 ## - NOTA LOCAL (RLIN) | |
| Nota local | lmg |
| 651 #4 - PUNTO DE ACCESO ADICIONAL DE MATERIA--NOMBRE GEOGRÁFICO | |
| 9 (RLIN) | 16393 |
| Nombre geográfico | América Latina |
| Subdivisión de materia general | Historia |
| 942 ## - ELEMENTOS DE PUNTO DE ACCESO ADICIONAL (KOHA) | |
| Fuente de clasificaión o esquema | Dewey Decimal Classification |
| Koha [por defecto] tipo de item | Monografía |
| Suprimido | Perdido | Fuente de clasificación o esquema | Estropeado | No se presta | Koha Colección | Localización (Biblioteca) | Localización actual | Localización en estanterías | Fecha adquisición | Clasificación completa | Designación de pieza (código de barras) | Fecha última consulta | Número de ejemplar | Fecha del precio de reemplazo | Tipo de item de Koha |
|---|---|---|---|---|---|---|---|---|---|---|---|---|---|---|---|
| Disponible | Dewey Decimal Classification | Sin daños | Disponible para préstamo | CIENCIAS SOCIALES | Biblioteca y Archivo de la CCE | Biblioteca y Archivo de la CCE | CIENCIAS SOCIALES | 16/02/2012 | 980 A958 | GP13602 | 17/09/2013 | Ej. 1 | 17/09/2013 | Monografía |























